000 00679nam a2200241 i 4500
001 C2-0015218
003 PPAK
005 20190630221934.0
008 970201s1984 my a|||| ||||| | eng d
040 _aPPAK
_beng
_cPPAK
_erda
082 0 4 _a959.504
_223
090 0 0 _a959.504
_bABD
_dKAR
090 0 0 _a959.504
_bABD
_dKK
100 0 _aAbdul Rahman Putra,
_cTunku
_eauthor
245 1 0 _aMalaysia
_bthe road to independence
250 _a21
264 1 _aPetaling Jaya, Selangor :
_bPelanduk ,
_c1984
300 _aiii, 235 pages :
_billustrations ;
_c21 cm
336 _2rdacontent
_atext
337 _2rdamedia
_aunmediated
338 _2rdacarrier
_avolume
942 _ddc
_cB
999 _c3714
_d3714